000 01141nam a22003737a 4500
003 CHAP
005 20220817044108.0
008 060410s2005 it a rn 00010 spa d
010 _a92025
011 _a92997
020 _a9253050748
035 _a103564
040 _cCHAP
090 _aFolleto 17033 v.1
110 2 _aFAO
245 1 3 _aLa apicultura y los medios de vida sostenibles
_c/por Nicola Bradbear
260 _aRoma :
_bFAO,
_c2005.
300 _a64 p. :
_bilus.
490 0 _aFolleto de la FAO sobre diversificación
_v; 1
590 _aBATCH-UPD
_b10
_c20130110
_lUCH01
_h1046
590 _aBATCH-UPD
_b10
_c20130410
_lUCH01
_h0644
590 _aBATCH-UPD
_b10
_c20130914
_lUCH01
_h0749
590 _aCONVERSION
_b10
_c20130109
_lUCH01
_h1351
650 1 4 _aApicultura.
_96241
650 1 4 _aCera de abejas.
650 1 4 _aEconomía doméstica.
650 1 4 _aMiel de abejas.
_975562
700 0 _aBradbear, Nicola.
_914940
830 0 0 _aFolleto de la FAO sobre diversificación
_v; 1
_942040
901 _aBK
905 _aLilia
942 _cFOLL
949 _aFolleto 17033 v.1
_bBC
_cFAO
_d33724000984506
_eFAO1
_i103564
_sb
999 _c92025
_d92025